| 000 | 01535 a2200241 4500 | ||
|---|---|---|---|
| 003 | OSt | ||
| 005 | 20180116192335.0 | ||
| 008 | 120308t xxu||||| |||| 00| 0 eng d | ||
| 020 | _a1856695948 (paperback) | ||
| 020 | _a9781856695947 (paperback) | ||
| 040 | _c0 | ||
| 082 | 0 | 4 | _a720.4 |
| 100 | 1 |
_aSlavid, Ruth. _9616 |
|
| 245 | 1 | 0 |
_aMicro : _bvery small buildings / _cRuth Slavid. |
| 260 |
_aLondon: _bLaurence King Publishers, _c2009. |
||
| 300 |
_a224 p. : _bill;. _c22 cm. |
||
| 500 | _aIncludes index | ||
| 520 | _aVery small buildings have a special appeal, and the constraints of space and cost can actually liberate the imagination. Most of the projects in this book consist of no more than a few key spaces, in many cases just a single space. They are united only by their compact nature, the pleasure that they can provide and the intelligence that they embody. A brief introduction is followed by five thematic chapters: Public Realm, Community Spaces, On the Move, Compact Living and Extra Space. The 53 case studies include a park bench that transforms into a shelter for the homeless in Australia, an inflatable treetop structure for rainforest observation, a portable house for victims of hurricane Katrina, a transportable church in Finland, and a suspended office in France. | ||
| 650 |
_a Small buildings _9617 |
||
| 856 | 4 | 0 |
_3Amazon.com _uhttp://www.amazon.com/exec/obidos/ASIN/1856695948/chopaconline-20 |
| 942 |
_aSADA _cBK _k720.4 SLA 2009 _2ddc |
||
| 999 |
_c352459 _d352459 |
||